Logo BPK

Biblioteka

Politechniki Koszalińskiej

Die geometrischen Verhältnisse bei der Herstellung unregelmässiger Flächen. Geometrische Erzeugung und Nachformverfaren. Von... / (Rekord nr 15974)

Szczegóły MARC
000 -ETYKIETA REKORDU
podpole kontrolne o stałej długości 00533nam a2200169 i 4500
001 - NUMER KONTROLNY REKORDU
pole kontrolne bg
040 ## - ŹRÓDŁO KATALOGOWANIA
Instytucja, która utworzyła rekord BPK
041 ## - KOD JĘZYKA
Kod języka tekstu pol
080 ## - UNIWERSALNA KLASYFIKACJA DZIESIĘTNA - UKD
UKD 621.9
008 - POLE O STAŁEJ DŁUGOŚCI - DANE KONTROLNE
podpole kontrolne o stałej długości s pl f |000 0 pol
100 1# - NAZWA OSOBOWA
Nazwa osobowa GRES, W. H.
245 #0 - TYTUŁ/ODPOWIEDZIALNOŚĆ
Tytuł Die geometrischen Verhältnisse bei der Herstellung unregelmässiger Flächen. Geometrische Erzeugung und Nachformverfaren. Von... /
Pozostałe elementy strefy tytułu i oznaczenia odpowiedzialności W. H. Gres.
260 ## - STREFA ADRESU WYDAWNICZEGO
Miejsce wydania Berlin :
Nazwa wydawcy/dystrybutora Springer-Verl.,
Data publikacji, dystrybucji/powstania dokumentu 1953.
300 ## - STREFA OPISU FIZYCZNEGO
Objętość s. 95 :
Inne cechy fizyczne rys., tabl. [w tym] nlb. 1.
504 ## - UWAGA DOTYCZĄCA BIBLIOGRAFII
Informacje o bibliografii [Zawiera bibliogr.].
856 ## - LOKALIZACJA I DOSTĘP DO ELEKTRONICZNYCH DOKUMENTÓW ZDALNYCH
Link (URL) http://koha.tu.koszalin.pl/cgi-bin/koha/opac-detail.pl?biblionumber=15974
Tekst linku Katalog online BPK
942 ## - DODATKOWE ELEMENTY (KOHA)
Typ dokumentu Książka
Egzemplarze
Wycofany Status egzemplarza Uszkodzony Dostępność Lokalizacja stała Lokalizacja bieżąca Miejsce przechowywania Sygnatura Kod kreskowy Typ dokumentu
      Dostępny Biblioteka Politechniki Koszalińskiej Biblioteka Politechniki Koszalińskiej Wypożyczalnia BG 19406 01704662 Książka
© 2023 Biblioteka Politechniki Koszalińskiej :: KOHA